Un método para la investigación-acción participativa
Wedi'i Gadw mewn:
| Prif Awdur: | |
|---|---|
| Fformat: | Llyfr |
| Iaith: | Spanish |
| Cyhoeddwyd: |
Madrid
Editorial Popular
Madrid Ministerio de Cultura. Dirección General de Cooperación Cultural |
| Rhifyn: | 2 edición |
| Cyfres: | Promoción cultural
|
| Pynciau: | |
| Tagiau: |
Ychwanegu Tag
Dim Tagiau, Byddwch y cyntaf i dagio'r cofnod hwn!
|
MARC
| LEADER | 00000nam a22000007a 4500 | ||
|---|---|---|---|
| 003 | cru CIDCACS/IIS | ||
| 005 | 20200925161212.0 | ||
| 008 | 170210b1989 sp a|||| |||| |0| ||spa d | ||
| 999 | |c 18866 |d 18866 | ||
| 020 | |a 8486524504 | ||
| 040 | |a CRAI/IIS |c CRAI/IIS | ||
| 090 | |a 18.03.01 L864m | ||
| 100 | 1 | |9 2523 |a López de Ceballos, Paloma | |
| 245 | 1 | 3 | |a Un método para la investigación-acción participativa |
| 250 | |a 2 edición | ||
| 260 | |a Madrid |b Editorial Popular | ||
| 260 | |a Madrid |b Ministerio de Cultura. Dirección General de Cooperación Cultural | ||
| 300 | |a 127 páginas | ||
| 440 | |9 2518 |a Promoción cultural |n 5 | ||
| 500 | |a Colección Alforja | ||
| 650 | 1 | 0 | |9 2524 |a METODOS DE INVESTIGACION |
| 650 | 1 | 0 | |9 2531 |a PROMOCION SOCIAL |
| 650 | 1 | 0 | |9 2529 |a DINAMICA SOCIAL |b DINAMICA SOCIAL |
| 650 | 1 | 0 | |9 2527 |a PARTICIPACION COMUNITARIA |
| 650 | 1 | 0 | |9 2526 |a INVESTIGACION APLICADA |
| 942 | |2 ddc |c LI | ||



